Loading...
| Fine Arts - Classical Music | 0 | 7 | 3 | 0 | 55 | 19 | 80.43 | 2 | 6 | 0.00 | 0.00 |
| Literature - World | 0 | 4 | 0 | 0 | 40 | 78 | 98.75 | 0 | 2 | 0.00 | 0.00 |
| Fine Arts - Painting and Sculpture | 0 | 3 | 0 | 0 | 30 | 72 | 90.00 | 1 | 1 | 0.00 | 0.00 |
| Science - Other | 0 | 3 | 2 | 0 | 20 | 40 | 86.67 | 2 | 2 | 0.00 | 0.00 |
| Literature - European | 0 | 1 | 0 | 0 | 10 | 87 | 87.00 | 1 | 1 | 0.00 | 0.00 |
| Mythology | 0 | 1 | 0 | 0 | 10 | 104 | 104.00 | 0 | 1 | 0.00 | 0.00 |
| Science - Biology | 0 | 1 | 0 | 0 | 10 | 75 | 75.00 | 1 | 1 | 0.00 | 0.00 |
| Science - Chemistry | 0 | 1 | 0 | 0 | 10 | 77 | 77.00 | 0 | 0 | 0.00 | 0.00 |
| Science - Physics | 0 | 1 | 0 | 0 | 10 | 121 | 121.00 | 0 | 0 | 0.00 | 0.00 |
| Social Science | 0 | 1 | 0 | 0 | 10 | 106 | 106.00 | 0 | 0 | 0.00 | 0.00 |
| Fine Arts - Other | 0 | 1 | 0 | 0 | 10 | 24 | 24.00 | 1 | 1 | 0.00 | 0.00 |
| Literature - American | 0 | 1 | 0 | 0 | 10 | 136 | 136.00 | 0 | 0 | 0.00 | 0.00 |
| Literature - British | 0 | 1 | 0 | 0 | 10 | 107 | 107.00 | 0 | 1 | 0.00 | 0.00 |
| Philosophy | 0 | 0 | 0 | 0 | 0 | 0.00 | 0 | 0 | 0.00 | 0.00 |